Economic analysis of tropical conservation initiatives : examples from West Africa

Bibliographic Details
Main Author: RUITENBEEK
Format: Book
Published: Surrey, UK : World Wide Fund for Nature , 1990
Series:Tropical forests
Subjects:

MARC

LEADER 00000cam a2200000 7i4500
001 0000002812
005 20040115.0
090 0 0 |a 333.7516   |b RUI 1990 
100 1 0 |a RUITENBEEK   |h H. Jack 
245 1 0 |a Economic analysis of tropical conservation initiatives :   |b examples from West Africa   |c H. Jack Ruitenbeek 
260 0 0 |a Surrey, UK :   |b World Wide Fund for Nature ,   |c 1990 
300 |a 33 p. :   |b ill. ;   |c 30 cm. 
440 0 0 |a Tropical forests 
500 0 0 |a Bibliography : p. 27-31 
650 0 0 |a Forest conservation   |x Economic aspects   |z Africa, West 
650 0 0 |a Forests and forestry   |x Economic aspects   |z Africa, West 
998 |a JPSM 
999 |a 0000004495   |b Monograph   |c Open Shelf   |e Default branch